000 01878nam0a2200325 4500
001 RU\NLR\bibl\264457
005 20260406203723.0
035 _a(NLR Aleph) 000260069
090 _a1519014
_c1519014
100 _a20020518d2001 u y0rusy50 ca
101 0 _arus
102 _aRU
105 _aa |||||||||
200 1 _aМонументы Петербурга глазами бессмертных
_eГрафика
_eВыст. [Кат.], Санкт-Петербург, апр.-май 2001
_f[Сост. Р.С. Евсеева]
210 _aСПб.
_cБ.и.
_d2001
215 _a57 с.
_cил.
_d30
300 _aВ надзаг.: Ком. по культуре Администрации Санкт-Петербурга, Гос. музей гор. скульптуры, С.-Петерб. акад. соврем. искусства бессмертных
300 _aНа 3-й с.: Посвящается 300-летию Санкт-Петербурга
601 0 2 _aСанкт-Петербургская академия современного искусства
_92060222
_3RU\NLR\auth\661235220
606 1 _aГрафика русская советская
_xТематика
_91066465
_3RU\NLR\auth\6696238
606 1 _aГрафика русская советская
_xВыставки
_yСанкт-Петербург, город
_z2001
_92258573
_3RU\NLR\auth\661354380
686 _aЩ10е(2Р)л
686 _aЩ153(2Р=Рус)7-3л62
702 1 _aЕвсеева
_bР.
_gРита С.
_4220
711 0 2 _4570
_aСанкт-Петербургская академия современного искусства бессмертных
_3RU\NLR\AUTH\889964002
_9424243
801 0 _aRU
_bNLR
_c20020518
_gPSBO
801 1 _aRU
_bNLR
_c20020518
942 _cBOOK
980 _aNB